| 000 | 00692nam a2200193Ia 4500 | ||
|---|---|---|---|
| 003 | GCL | ||
| 008 | 140319s9999 xx 000 0 ara d | ||
| 040 |
_aGCL / _cGCL |
||
| 082 | 0 | 4 |
_a953.071 _bم ن |
| 100 | 1 | _aمحمد عبدالله عنان | |
| 245 | 1 | 0 |
_aنهاية الاندلس وتاريخ للعرب المتنصرين : وهو العصر الرابع من كتاب دولة الاسلام فى الاندلس / _cمحمد عبدالله عنان |
| 260 |
_a[S.N] : _bمطبعة مصر ، _c1958 |
||
| 300 | _a518 ص | ||
| 490 | _a | ||
| 650 | 0 | 4 | _aالاندلس |
| 650 | 0 | 4 | _aالتاريخ الاسلامى |
| 650 | 0 | 4 | _aالحضارة الاسلامية |
| 942 |
_2ddc _cBK |
||
| 999 |
_c35606 _d35606 |
||